000 00280nam a2200145Ia 4500
100 _aad
942 _cBK
366 _f20
654 _acrptography
245 _aA classical introduction to cryptography
260 _btt
082 _a5.82
546 _aENGLISH
999 _c24220
_d24220